موكب الجنون : (رقم التسجيلة. 180362)

تفاصيل مارك
000 -LEADER
fixed length control field 01077namaa2200301 i 4500
003 - CONTROL NUMBER IDENTIFIER
control field EG-GICUC
005 - DATE AND TIME OF LATEST TRANSACTION
control field 20260604100851.0
008 - FIXED-LENGTH DATA ELEMENTS--GENERAL INFORMATION
fixed length control field 260604s2004 ua ||||jr|||| 000 j ara d
017 ## - COPYRIGHT OR LEGAL DEPOSIT NUMBER
Copyright or legal deposit number 2004 / 2050
Assigning agency دار الكتب والوثائق القومية (مصر)
040 ## - CATALOGING SOURCE
Original cataloging agency EG-GiCUC
Language of cataloging ara
Transcribing agency EG-GiCUC
Modifying agency EG-GiCUC
Description conventions rda
043 ## - GEOGRAPHIC AREA CODE
Geographic area code f-ua---
082 04 - DEWEY DECIMAL CLASSIFICATION NUMBER
Edition number 21
Classification number 813.008
Item number H139
092 04 - LOCALLY ASSIGNED DEWEY CALL NUMBER (OCLC)
Edition number 21
Classification number 813.008
Item number H139
099 ## - LOCAL FREE-TEXT CALL NUMBER (OCLC)
Classification number 813.008 H139
100 1# - MAIN ENTRY--PERSONAL NAME
Personal name عبد الحفيظ، صبرى
Relator term مؤلف.
245 10 - TITLE STATEMENT
Title موكب الجنون :
Remainder of title قصص /
Statement of responsibility, etc. صبرى عبد الحفيظ
264 ## - PRODUCTION, PUBLICATION, DISTRIBUTION, MANUFACTURE, AND COPYRIGHT NOTICE
Place of production, publication, distribution, manufacture القاهرة (مصر) :
Name of producer, publisher, distributor, manufacturer المجلس الأعلى للثقافة،
Date of production, publication, distribution, manufacture, or copyright notice [2004]
300 ## - PHYSICAL DESCRIPTION
Extent 79 صفحة
Other physical details ؛
Dimensions 24 سم
336 ## - CONTENT TYPE
Source rdacontent
Content type term text
337 ## - MEDIA TYPE
Source rdamedia
Media type term Unmediated
338 ## - CARRIER TYPE
Source rdacarrier
Carrier type term volume
490 ## - SERIES STATEMENT
Series statement الكتاب الأول ؛
Volume/sequential designation 71
541 ## - IMMEDIATE SOURCE OF ACQUISITION NOTE
Source of acquisition وزارة الثقافة ؛
Address القاهرة ؛
Method of acquisition إهداء ؛
Date of acquisition 2023.
650 17 - SUBJECT ADDED ENTRY--TOPICAL TERM
Topical term or geographic name entry element القصص العربية
Form subdivision مجموعات
Source of heading or term qrmak
651 1# - SUBJECT ADDED ENTRY--GEOGRAPHIC NAME
Source of heading or term qrmak
905 ## - Cataloger and Reviser Names
Cataloger Name Nermeen_El Mawardy
942 ## - ADDED ENTRY ELEMENTS (KOHA)
Source of classification or shelving scheme Dewey Decimal Classification
Koha item type Books
Edition 21
Suppress in OPAC No
المقتنيات
Withdrawn status Lost status Source of classification or shelving scheme Damaged status Not for loan Home library Current library Date acquired Inventory number Total checkouts Full call number Barcode Date last seen Copy number Price effective from Koha item type
    Dewey Decimal Classification   Not for loan المكتبة المركزبة الجديدة - جامعة القاهرة قاعة الانسانيات - الدور الثاني 04.06.2026 169752   813.008 H139 c.1 01000100169752000 04.06.2026 C.1 04.06.2026 Books
    Dewey Decimal Classification   Not for loan المكتبة المركزبة الجديدة - جامعة القاهرة قاعة الانسانيات - الدور الثاني 04.06.2026 169753   813.008 H139 c.2 01000100169753000 04.06.2026 C.2 04.06.2026 Books
    Dewey Decimal Classification     المكتبة المركزبة الجديدة - جامعة القاهرة مخزن الكتب - البدروم 04.06.2026 169754   813.008 H139 c.3 Store 01000100169754000 04.06.2026 C.3 04.06.2026 Books
Cairo University Libraries Portal Implemented & Customized by: Eng. M. Mohamady Contacts: new-lib@cl.cu.edu.eg | cnul@cl.cu.edu.eg
CUCL logo CNUL logo
© All rights reserved — Cairo University Libraries
CUCL logo
Implemented & Customized by: Eng. M. Mohamady Contact: new-lib@cl.cu.edu.eg © All rights reserved — New Central Library
CNUL logo
Implemented & Customized by: Eng. M. Mohamady Contact: cnul@cl.cu.edu.eg © All rights reserved — Cairo National University Library